| 000 | 00434nam a2200109 a 4500 | ||
|---|---|---|---|
| 008 | 120416s9999 xx |||||||||||||| || u | ||
| 050 | _aTHESIS/POSTGRADUATE | ||
| 100 | _aSimposya, Mumbaala A | ||
| 245 | 1 | 4 | _aThe 1980 decentralisation and district level planning in Zambia |
| 350 | _a0.00 | ||
| 995 |
_D0.00 _FCBU-MAIN LIBRARY (Kitwe) _H1 _I0.00 _M1 _UAVAILABLE _ZUniversity Collection |
||
| 999 |
_c33063 _d33063 |
||